| 000 | 00511nam a2200193Ia 4500 | ||
|---|---|---|---|
| 005 | 20230508133844.0 | ||
| 008 | 131103s9999 xx 000 0 und d | ||
| 020 | _a553213232 | ||
| 040 | _aLoreto College | ||
| 041 | _aEnglish | ||
| 082 |
_a823.91 _bFOR |
||
| 100 | _aForster, E.M. | ||
| 245 | 2 |
_aA room with a view _cE.M. Forster. With an introduction by Mona Simpson |
|
| 260 |
_aNew York _bBantam Dell _c2007 |
||
| 300 | _axxi,210p | ||
| 650 | _aFiction in English | ||
| 850 | _aLCLIB | ||
| 942 | _cBK | ||
| 999 |
_c20415 _d70894 |
||